| 000 | 00539nam a2200193Ia 4500 | ||
|---|---|---|---|
| 003 | GCL | ||
| 008 | 140319s9999 xx 000 0 ara d | ||
| 040 |
_aGCL / _cGCL |
||
| 082 | 0 | 4 |
_a920.72 _bك ق |
| 100 | 1 | _aرشدى السيسى (مترجم) | |
| 245 | 1 | 0 |
_aقصة حياتى / _cرشدى السيسى (مترجم) |
| 700 | 1 | _aكيلر, هيلين | |
| 300 | _a140 ص | ||
| 490 |
_aالالف كتاب _v0 |
||
| 650 | 0 | 4 | _aالتراجم |
| 650 | 0 | 4 | _aكيلر, هيلين |
| 650 | 0 | 4 | _aالنساء - تراجم |
| 942 |
_2ddc _cBK |
||
| 999 |
_c45359 _d45359 |
||